000 00725nam a2200289Ia 4500
005 20260324112546.0
008 008 260324s9999 xx 000 0 eng d
020 _a9781003329350
037 _aEBOOK
040 _aCRL
040 _beng
040 _cCRL
041 _2eng
041 _aeng
084 _qCRL
100 _aBedilu Habte
_91143202
245 0 _aMatrix Structural Analysis and the Finite Element Methods Using Scilab and Octave
245 2 _bA Problem-Solving Approach
260 _bTaylor and Francis
260 _c2024
365 _a
365 _b320
856 _uhttp://www.taylorfrancis.com/books/9781003329350
942 _cEBOOK
999 _c1732454
_d1732454